[Event "Stay Safe Play From Home 422"]
[Site "Emanuel Lasker Arena"]
[Date "2020.08.30"]
[Round "7"]
[White "Hickey"]
[Black "Padmaesh M K"]
[Result "1-0"]
[WhiteElo "2074"]
[BlackElo "1830"]
[PlyCount "97"]
[EventDate "2020.08.30"]
[EventType "swiss (blitz)"]

1. g3 {[%emt 0:01:07]} d5 {[%emt 0:00:06]} 2. Bg2 {[%emt 0:00:03]} Nf6 {[%emt 0:00:01]} 3. b3 {[%emt 0:00:00]} e5 {[%emt 0:00:03]} 4. Bb2 {[%emt 0:00:01]} Bd6 {[%emt 0:00:01]} 5. d3 {[%emt 0:00:04]} O-O {[%emt 0:00:02]} 6. Nf3 {[%emt 0:00:02]} e4 {[%emt 0:00:02]} 7. Nfd2 {[%emt 0:00:03]} Bf5 {[%emt 0:00:03]} 8. O-O {[%emt 0:00:04]} Re8 {[%emt 0:00:01]} 9. dxe4 {[%emt 0:00:06]} Nxe4 {[%emt 0:00:04]} 10. Nxe4 {[%emt 0:00:02]} dxe4 {[%emt 0:00:04]} 11. e3 {[%emt 0:00:07]} Nc6 {[%emt 0:00:03]} 12. Nd2 {[%emt 0:00:03]} Qe7 {[%emt 0:00:03]} 13. Qe2 {[%emt 0:00:04]} Rad8 {[%emt 0:00:05]} 14. a3 {[%emt 0:00:05]} Be5 {[%emt 0:00:04]} 15. Bxe5 {[%emt 0:00:03]} Nxe5 {[%emt 0:00:00]} 16. Nc4 {[%emt 0:00:01]} Qf6 {[%emt 0:00:09]} 17. Nxe5 {[%emt 0:00:02]} Qxe5 {[%emt 0:00:02]} 18. Rad1 {[%emt 0:00:00]} Bg6 {[%emt 0:00:12]} 19. Rxd8 {[%emt 0:00:03]} Rxd8 {[%emt 0:00:00]} 20. Rd1 {[%emt 0:00:01]} Rxd1+ {[%emt 0:00:04]} 21. Qxd1 {[%emt 0:00:00]} h6 {[%emt 0:00:01]} 22. a4 {[%emt 0:00:02]} Qc3 {[%emt 0:00:02]} 23. Bf1 {[%emt 0:00:06]} c6 {[%emt 0:00:04]} 24. Be2 {[%emt 0:00:03]} a6 {[%emt 0:00:02]} 25. h4 {[%emt 0:00:03]} h5 {[%emt 0:00:04]} 26. Qd8+ {[%emt 0:00:07]} Kh7 {[%emt 0:00:12]} 27. Qd1 {[%emt 0:00:00]} b5 {[%emt 0:00:07]} 28. axb5 {[%emt 0:00:02]} axb5 {[%emt 0:00:04]} 29. Bxh5 {[%emt 0:00:01]} c5 {[%emt 0:00:06]} 30. Bxg6+ {[%emt 0:00:05]} Kxg6 {[%emt 0:00:01]} 31. Qg4+ {[%emt 0:00:01]} Kh7 {[%emt 0:00:02]} 32. Qxe4+ {[%emt 0:00:00]} Kg8 {[%emt 0:00:02]} 33. Qd3 {[%emt 0:00:02]} Qa1+ {[%emt 0:00:02]} 34. Kg2 {[%emt 0:00:01]} Qe5 {[%emt 0:00:01]} 35. Qxb5 {[%emt 0:00:02]} Qe4+ {[%emt 0:00:01]} 36. Kg1 {[%emt 0:00:02]} Qxc2 {[%emt 0:00:02]} 37. Qc4 {[%emt 0:00:04]} Qd1+ {[%emt 0:00:04]} 38. Kg2 {[%emt 0:00:02]} Qd6 {[%emt 0:00:01]} 39. e4 {[%emt 0:00:04]} Kf8 {[%emt 0:00:03]} 40. Qd5 {[%emt 0:00:04]} Qb6 {[%emt 0:00:03]} 41. h5 {[%emt 0:00:03]} Kg8 {[%emt 0:00:04]} 42. g4 {[%emt 0:00:02]} Kf8 {[%emt 0:00:12]} 43. g5 {[%emt 0:00:03]} Kg8 {[%emt 0:00:03]} 44. g6 {[%emt 0:00:02]} Qc7 {[%emt 0:00:14]} 45. Qxf7+ {[%emt 0:00:03]} Qxf7 {[%emt 0:00:02]} 46. gxf7+ {[%emt 0:00:00]} Kxf7 {[%emt 0:00:00]} 47. f4 {[%emt 0:00:01]} Ke6 {[%emt 0:00:01]} 48. Kf3 {[%emt 0:00:02]} c4 {[%emt 0:00:06]} 49. bxc4 {[%emt 0:00:02] Padmaesh M K resigns Padmaesh M K resigns Padmaesh M K resigns (Lag: Av=0.79s, max=1.4s) (Lag: Av=0.79s, max=1.4s) (Lag: Av=0.79s, max=1.4s)} 1-0

[Event "Stay Safe Play From Home 422"]
[Site "Emanuel Lasker Arena"]
[Date "2020.08.30"]
[Round "7"]
[White "Ionelluca"]
[Black "Nguyen Hong Anh"]
[Result "1-0"]
[WhiteElo "2023"]
[BlackElo "2228"]
[PlyCount "40"]
[EventDate "2020.08.30"]
[EventType "swiss (blitz)"]

1. c4 {[%emt 0:00:04]} Nf6 {[%emt 0:00:03]} 2. Nc3 {[%emt 0:00:09]} d5 {[%emt 0:00:02]} 3. cxd5 {[%emt 0:00:01]} Nxd5 {[%emt 0:00:03]} 4. g3 {[%emt 0:00:01]} g6 {[%emt 0:00:03]} 5. Bg2 {[%emt 0:00:01]} Nxc3 {[%emt 0:00:02]} 6. bxc3 {[%emt 0:00:01]} Bg7 {[%emt 0:00:01]} 7. Rb1 {[%emt 0:00:01]} c6 {[%emt 0:00:03]} 8. Nf3 {[%emt 0:00:02]} O-O {[%emt 0:00:01]} 9. O-O {[%emt 0:00:01]} Be6 {[%emt 0:00:01]} 10. Rxb7 {[%emt 0:00:03]} Qc8 {[%emt 0:00:03]} 11. Rb2 {[%emt 0:00:03]} Nd7 {[%emt 0:00:02]} 12. Nd4 {[%emt 0:00:02]} Bd5 {[%emt 0:00:01]} 13. e4 {[%emt 0:00:01]} Bc4 {[%emt 0:00:01]} 14. d3 {[%emt 0:00:01]} Ba6 {[%emt 0:00:03]} 15. Be3 {[%emt 0:00:04]} c5 {[%emt 0:00:05]} 16. Ne2 {[%emt 0:00:07]} Rd8 {[%emt 0:00:06]} 17. f4 {[%emt 0:00:35]} Rb8 {[%emt 0:00:06]} 18. Rxb8 {[%emt 0:00:03]} Nxb8 {[%emt 0:00:02]} 19. d4 {[%emt 0:00:22]} cxd4 {[%emt 0:00:04]} 20. cxd4 {[%emt 0:00:10]} Qc5 {[%emt 0:00:18] Nguyen Hong Anh resigns Nguyen Hong Anh resigns Nguyen Hong Anh resigns (Lag: Av=1.00s, max=1.3s) (Lag: Av=1.00s, max=1.3s) (Lag: Av=1.00s, max=1.3s)} 1-0

[Event "Stay Safe Play From Home 422"]
[Site "Emanuel Lasker Arena"]
[Date "2020.08.30"]
[Round "7"]
[White "Lazieri3"]
[Black "Sfantul321"]
[Result "0-1"]
[WhiteElo "1996"]
[BlackElo "1994"]
[Annotator "NA"]
[PlyCount "78"]
[EventDate "2020.08.30"]
[EventType "swiss (blitz)"]

1. e4 {[%emt 0:00:00]} c5 {[%emt 0:00:04]} 2. Nc3 {[%emt 0:00:15]} e6 {[%emt 0:00:02]} 3. Nf3 {[%emt 0:00:00]} Nc6 {[%emt 0:00:02]} 4. a3 {[%emt 0:00:07]} d5 {[%emt 0:00:03]} 5. exd5 {[%emt 0:00:01]} exd5 {[%emt 0:00:01]} 6. d4 {[%emt 0:00:01]} cxd4 {[%emt 0:00:01]} 7. Nxd4 {[%emt 0:00:01]} Nf6 {[%emt 0:00:04]} 8. Be3 {[%emt 0:00:01]} Bd6 {[%emt 0:00:02]} 9. Bd3 {[%emt 0:00:03]} O-O {[%emt 0:00:02]} 10. O-O {[%emt 0:00:01]} h6 {[%emt 0:00:01]} 11. Nf5 {[%emt 0:00:03]} Be5 {[%emt 0:00:04]} 12. Bd2 {[%emt 0:00:37]} Re8 {[%emt 0:00:08]} 13. Re1 {[%emt 0:00:07]} Qc7 {[%emt 0:00:03]} 14. Ng3 {[%emt 0:00:01]} Bg4 {[%emt 0:00:06]} 15. Be2 {[%emt 0:00:01]} Be6 {[%emt 0:00:05]} 16. Bf3 {[%emt 0:00:05]} Rad8 {[%emt 0:00:03]} 17. Nce2 {[%emt 0:00:02]} Bxb2 {[%emt 0:00:04]} 18. Ra2 {[%emt 0:00:03]} Be5 {[%emt 0:00:02]} 19. c3 {[%emt 0:00:22]} d4 {[%emt 0:00:03]} 20. Rc2 {[%emt 0:00:01]} d3 {[%emt 0:00:01]} 21. Rb2 {[%emt 0:00:03]} dxe2 {[%emt 0:00:01]} 22. Rxe2 {[%emt 0:00:04]} Bxg3 {[%emt 0:00:02]} 23. hxg3 {[%emt 0:00:02]} Bc4 {[%emt 0:00:03]} 24. Rxe8+ {[%emt 0:00:02]} Rxe8 {[%emt 0:00:01]} 25. Qb1 {[%emt 0:00:05]} b6 {[%emt 0:00:07]} 26. Bf4 {[%emt 0:00:02]} Ne5 {[%emt 0:00:06]} 27. Be2 {[%emt 0:00:21]} Qc5 {[%emt 0:00:08]} 28. Be3 {[%emt 0:00:13]} Qc6 {[%emt 0:00:08]} 29. Bd1 {[%emt 0:00:20]} Neg4 {[%emt 0:00:07]} 30. Bf3 {[%emt 0:00:10]} Bd5 {[%emt 0:00:04]} 31. Bxd5 {[%emt 0:00:11]} Qxd5 {[%emt 0:00:07]} 32. Bd4 {[%emt 0:00:01]} Qh5 {[%emt 0:00:05]} 33. Be3 {[%emt 0:00:21]} Nxe3 {[%emt 0:00:07]} 34. fxe3 {[%emt 0:00:01]} Ng4 {[%emt 0:00:01]} 35. Rb4 {[%emt 0:00:45]} Qh2+ {[%emt 0:00:04]} 36. Kf1 {[%emt 0:00:01]} Qxg3 {[%emt 0:00:01]} 37. Kg1 {[%emt 0:00:00]} Qxe3+ {[%emt 0:00:04]} 38. Kh1 {[%emt 0:00:02]} Qe1+ {[%emt 0:00:05]} 39. Qxe1 {[%emt 0:00:03]} Rxe1# {[%emt 0:00:02] (Lag: Av=0.41s, max=0.5s) (Lag: Av=0.41s, max=0.5s) (Lag: Av=0.41s, max=0.5s)} 0-1

[Event "Stay Safe Play From Home 422"]
[Site "Emanuel Lasker Arena"]
[Date "2020.08.30"]
[Round "7"]
[White "Kongle"]
[Black "KING o KONG"]
[Result "1-0"]
[WhiteElo "1753"]
[BlackElo "1180"]
[Annotator "NA"]
[PlyCount "39"]
[EventDate "2020.08.30"]
[EventType "swiss (blitz)"]

1. d4 {[%emt 0:00:02]} d6 {[%emt 0:00:01]} 2. c4 {[%emt 0:00:01]} e6 {[%emt 0:00:01]} 3. Nc3 {[%emt 0:00:02]} b6 {[%emt 0:00:01]} 4. e4 {[%emt 0:00:03]} Bb7 {[%emt 0:00:01]} 5. f3 {[%emt 0:00:03]} a6 {[%emt 0:00:01]} 6. Bd3 {[%emt 0:00:02]} g6 {[%emt 0:00:02]} 7. Nge2 {[%emt 0:00:03]} Bg7 {[%emt 0:00:01]} 8. h4 {[%emt 0:00:02]} Nd7 {[%emt 0:00:02]} 9. h5 {[%emt 0:00:01]} g5 {[%emt 0:00:04]} 10. Be3 {[%emt 0:00:06]} h6 {[%emt 0:00:01]} 11. Qd2 {[%emt 0:00:03]} Ngf6 {[%emt 0:00:01]} 12. O-O-O {[%emt 0:00:02]} c6 {[%emt 0:00:02]} 13. g4 {[%emt 0:00:07]} Qc7 {[%emt 0:00:02]} 14. d5 {[%emt 0:00:08]} e5 {[%emt 0:00:09]} 15. Kb1 {[%emt 0:00:03]} c5 {[%emt 0:00:01]} 16. Ng3 {[%emt 0:00:18]} O-O {[%emt 0:00:12]} 17. Nf5 {[%emt 0:00:02]} Bc8 {[%emt 0:00:07]} 18. Bxg5 {[%emt 0:00:07]} hxg5 {[%emt 0:00:13]} 19. Qxg5 {[%emt 0:00:03]} Nb8 {[%emt 0:00:14]} 20. Qxg7# {[%emt 0:00:05] (Lag: Av=0.66s, max=1.6s) (Lag: Av=0.66s, max=1.6s) (Lag: Av=0.66s, max=1.6s) Mate Mate Mate} 1-0

[Event "Stay Safe Play From Home 422"]
[Site "Emanuel Lasker Arena"]
[Date "2020.08.30"]
[Round "7"]
[White "APConnection"]
[Black "Dukic"]
[Result "0-1"]
[WhiteElo "1710"]
[BlackElo "1885"]
[Annotator "NA"]
[PlyCount "72"]
[EventDate "2020.08.30"]
[EventType "swiss (blitz)"]

1. c4 {[%emt 0:00:02]} c6 {[%emt 0:00:03]} 2. Nc3 {[%emt 0:00:01]} d6 {[%emt 0:00:00]} 3. e4 {[%emt 0:00:01]} Nd7 {[%emt 0:00:01]} 4. Nge2 {[%emt 0:00:01]} e5 {[%emt 0:00:01]} 5. g3 {[%emt 0:00:01]} Be7 {[%emt 0:00:01]} 6. Bg2 {[%emt 0:00:00]} h5 {[%emt 0:00:01]} 7. h4 {[%emt 0:00:01]} f6 {[%emt 0:00:01]} 8. d4 {[%emt 0:00:03]} Nh6 {[%emt 0:00:01]} 9. O-O {[%emt 0:00:02]} Nf7 {[%emt 0:00:02]} 10. f4 {[%emt 0:00:03]} g5 {[%emt 0:00:01]} 11. f5 {[%emt 0:00:11]} gxh4 {[%emt 0:00:02]} 12. gxh4 {[%emt 0:00:01]} Qb6 {[%emt 0:00:09]} 13. b3 {[%emt 0:00:11]} exd4 {[%emt 0:00:16]} 14. Qxd4 {[%emt 0:00:03]} Qa5 {[%emt 0:00:13]} 15. Bd2 {[%emt 0:00:04]} Qc7 {[%emt 0:00:10]} 16. Bf4 {[%emt 0:00:13]} Nfe5 {[%emt 0:00:07]} 17. Kh1 {[%emt 0:00:05]} a5 {[%emt 0:00:11]} 18. a3 {[%emt 0:00:03]} Ng4 {[%emt 0:00:12]} 19. Rac1 {[%emt 0:00:20]} Nde5 {[%emt 0:00:06]} 20. Ng3 {[%emt 0:00:13]} Bd7 {[%emt 0:00:25]} 21. Rfd1 {[%emt 0:00:09]} Rd8 {[%emt 0:00:08]} 22. b4 {[%emt 0:00:11]} axb4 {[%emt 0:00:02]} 23. axb4 {[%emt 0:00:01]} Kf7 {[%emt 0:00:17]} 24. Bf1 {[%emt 0:00:13]} Nf3 {[%emt 0:00:55]} 25. Qd3 {[%emt 0:00:17]} Nf2+ {[%emt 0:00:02]} 26. Kg2 {[%emt 0:00:04]} Nxd3 {[%emt 0:00:01]} 27. Rxd3 {[%emt 0:00:00]} Ne5 {[%emt 0:00:02]} 28. Rd2 {[%emt 0:00:03]} Qb6 {[%emt 0:00:03]} 29. b5 {[%emt 0:00:07]} Ra8 {[%emt 0:00:02]} 30. Nce2 {[%emt 0:00:07]} Ra3 {[%emt 0:00:05]} 31. Ng1 {[%emt 0:00:16]} Qa5 {[%emt 0:00:17]} 32. Bxe5 {[%emt 0:00:11]} fxe5 {[%emt 0:00:02]} 33. bxc6 {[%emt 0:00:05]} Bxc6 {[%emt 0:00:04]} 34. Nf3 {[%emt 0:00:01]} Rg8 {[%emt 0:00:04]} 35. Kh3 {[%emt 0:00:02]} Rxf3 {[%emt 0:00:04]} 36. Rg2 {[%emt 0:00:02]} Qa3 {[%emt 0:00:03] APConnection gibt auf APConnection gibt auf APConnection gibt auf (Lag: Av=0.56s, max=1.3s) (Lag: Av=0.56s, max=1.3s) (Lag: Av=0.56s, max=1.3s)} 0-1

[Event "Stay Safe Play From Home 422"]
[Site "Emanuel Lasker Arena"]
[Date "2020.08.30"]
[Round "7"]
[White "W Nelles"]
[Black "Timbre"]
[Result "0-1"]
[WhiteElo "1391"]
[BlackElo "1598"]
[Annotator "NA"]
[PlyCount "132"]
[EventDate "2020.08.30"]
[EventType "swiss (blitz)"]

1. e4 {[%emt 0:00:05]} c6 {[%emt 0:00:02]} 2. Nf3 {[%emt 0:00:01]} d5 {[%emt 0:00:01]} 3. exd5 {[%emt 0:00:02]} cxd5 {[%emt 0:00:01]} 4. Nc3 {[%emt 0:00:01]} Bg4 {[%emt 0:00:04]} 5. Bb5+ {[%emt 0:00:01]} Nc6 {[%emt 0:00:03]} 6. h3 {[%emt 0:00:03]} Bh5 {[%emt 0:00:03]} 7. g4 {[%emt 0:00:02]} Bg6 {[%emt 0:00:02]} 8. Ne5 {[%emt 0:00:01]} Rc8 {[%emt 0:00:02]} 9. Nxg6 {[%emt 0:00:04]} hxg6 {[%emt 0:00:02]} 10. Qf3 {[%emt 0:00:07]} e6 {[%emt 0:00:02]} 11. Bxc6+ {[%emt 0:00:09]} Rxc6 {[%emt 0:00:04]} 12. O-O {[%emt 0:00:02]} Nf6 {[%emt 0:00:02]} 13. d3 {[%emt 0:00:01]} Qc7 {[%emt 0:00:02]} 14. Bf4 {[%emt 0:00:02]} Bd6 {[%emt 0:00:03]} 15. Bxd6 {[%emt 0:00:02]} Qxd6 {[%emt 0:00:02]} 16. Rae1 {[%emt 0:00:03]} Kf8 {[%emt 0:00:02]} 17. Nb5 {[%emt 0:00:06]} Qb8 {[%emt 0:00:06]} 18. Nd4 {[%emt 0:00:08]} Rd6 {[%emt 0:00:03]} 19. g5 {[%emt 0:00:01]} Nh5 {[%emt 0:00:05]} 20. Nxe6+ {[%emt 0:00:13]} Rxe6 {[%emt 0:00:03]} 21. Rxe6 {[%emt 0:00:02]} Nf4 {[%emt 0:00:05]} 22. Re3 {[%emt 0:00:22]} Nxh3+ {[%emt 0:00:04]} 23. Kg2 {[%emt 0:00:13]} Nxg5 {[%emt 0:00:04]} 24. Qg3 {[%emt 0:00:07]} Qxg3+ {[%emt 0:00:12]} 25. Rxg3 {[%emt 0:00:02]} Ne6 {[%emt 0:00:03]} 26. f4 {[%emt 0:00:04]} Rh5 {[%emt 0:00:07]} 27. Rh3 {[%emt 0:00:11]} Rf5 {[%emt 0:00:07]} 28. Rh8+ {[%emt 0:00:04]} Ke7 {[%emt 0:00:01]} 29. Kg3 {[%emt 0:00:04]} g5 {[%emt 0:00:06]} 30. Re1 {[%emt 0:00:12]} Kf6 {[%emt 0:00:04]} 31. Rf1 {[%emt 0:00:09]} Nxf4 {[%emt 0:00:03]} 32. Kg4 {[%emt 0:00:08]} Kg6 {[%emt 0:00:04]} 33. Rd8 {[%emt 0:00:10]} Re5 {[%emt 0:00:09]} 34. Rd6+ {[%emt 0:00:05]} f6 {[%emt 0:00:03]} 35. d4 {[%emt 0:00:04]} Re2 {[%emt 0:00:05]} 36. Kf3 {[%emt 0:00:07]} Rxc2 {[%emt 0:00:04]} 37. Rg1 {[%emt 0:00:11]} Rxb2 {[%emt 0:00:03]} 38. Rg4 {[%emt 0:00:11]} Rxa2 {[%emt 0:00:06]} 39. Rg1 {[%emt 0:00:10]} Ra3+ {[%emt 0:00:02]} 40. Kf2 {[%emt 0:00:02]} Nh3+ {[%emt 0:00:06]} 41. Kg2 {[%emt 0:00:04]} Nxg1 {[%emt 0:00:02]} 42. Kxg1 {[%emt 0:00:02]} b5 {[%emt 0:00:05]} 43. Rxd5 {[%emt 0:00:03]} b4 {[%emt 0:00:01]} 44. Rb5 {[%emt 0:00:01]} b3 {[%emt 0:00:04]} 45. Kf2 {[%emt 0:00:04]} Ra2+ {[%emt 0:00:05]} 46. Kg3 {[%emt 0:00:02]} b2 {[%emt 0:00:01]} 47. Kf3 {[%emt 0:00:02]} Ra4 {[%emt 0:00:01]} 48. Rxb2 {[%emt 0:00:02]} Rxd4 {[%emt 0:00:02]} 49. Ra2 {[%emt 0:00:01]} Rd7 {[%emt 0:00:04]} 50. Ke3 {[%emt 0:00:03]} Re7+ {[%emt 0:00:01]} 51. Kf3 {[%emt 0:00:01]} f5 {[%emt 0:00:01]} 52. Ra6+ {[%emt 0:00:03]} Kh5 {[%emt 0:00:01]} 53. Ra5 {[%emt 0:00:03]} g6 {[%emt 0:00:02]} 54. Kf2 {[%emt 0:00:04]} g4 {[%emt 0:00:02]} 55. Kg3 {[%emt 0:00:01]} Re3+ {[%emt 0:00:02]} 56. Kf4 {[%emt 0:00:01]} Rf3+ {[%emt 0:00:03]} 57. Ke5 {[%emt 0:00:01]} g3 {[%emt 0:00:02]} 58. Kf6 {[%emt 0:00:02]} g2 {[%emt 0:00:03]} 59. Rxa7 {[%emt 0:00:03]} g1=Q {[%emt 0:00:03]} 60. Rh7+ {[%emt 0:00:02]} Kg4 {[%emt 0:00:01]} 61. Rh6 {[%emt 0:00:06]} Qd4+ {[%emt 0:00:05]} 62. Kf7 {[%emt 0:00:01]} Re3 {[%emt 0:00:03]} 63. Rxg6+ {[%emt 0:00:02]} Kf4 {[%emt 0:00:01]} 64. Kg8 {[%emt 0:00:02]} Qd8+ {[%emt 0:00:02]} 65. Kh7 {[%emt 0:00:01]} Re7+ {[%emt 0:00:01]} 66. Kh6 {[%emt 0:00:02]} Qh8# {[%emt 0:00:01] (Lag: Av=0.73s, max=1.4s) (Lag: Av=0.73s, max=1.4s) (Lag: Av=0.73s, max=1.4s)} 0-1